000 00677nam a22002417a 4500
001 78644
003 UA-OsUOA
005 20210103224743.0
007 ta
008 20111018b un ||||| |||| 00| 0 ukr d
040 _aUA-OsUOA
_brus
_cUA-OsUOA
_dUA-OsUOA
041 _arus
080 _a821.161.1
090 _a821.161.1
_bД72
100 _aДрайзер Т.
245 _aСестра Керри
_bроман
260 _aМ.
_bПравда
_c1978
300 _a528 с.
650 7 _a82 Література. Літературознавство
_2UDC
942 _cBK
_2udc
955 _a3
999 _c364959
_d364959